000 02000nam0a22003611 4500
001 RU\NLR\Evr\4405
005 20251202160538.0
035 _a(NLR Aleph) 011420786
090 _a11604816
_c11604816
100 _a20110731d1940 u y0rusy50 ca
101 0 _ayid
102 _aRU
105 _ay |||||||||
200 1 _6a01
_7ba
_aRede af der forval-farsamlung fun di veyler staliner val-krayz fun der shtot Moskve
_eDem 11-tn dekaber 1937 yor in Groysn teater
_fI.V. Stalin
210 _6a01
_aMoskve
_cDer emes
_d1940
_7ba
210 _6a01
_9z02
_aמאָסקווע
_cדער עמעס
_d1940
210 _9z02
_aМосква
_cДер эмес
_d1940
_7ca
215 _a15 с.
_d14 см.
300 _aНа книге имеются пометы и штампы, позволяющие предположить, что она находилась в Отделе специального хранения ГПБ
510 1 _6a01
_aרעדע אפ דער פאָרוואל-פארזאמלונג פונ די וויילער פונעמ סטאלינער וואל-קרייז פונ דער שטאָט מאָסקווע
_eדעמ 11-טנ דעקאבער 1937 יאָר אינ גרויסנ טעאטער
_fי.וו. סטאלינ
541 1 _aРечь на предвыборном собрании Сталинского избирательного округа города Москвы 11-го декабря 1937 г. в Большом Театре
_zrus
700 1 _6a01
_aСталин
_bИ.В.
_f1879-1953
_gИосиф Виссарионович
_3RU\NLR\AUTH\7949564
_4070
_7ca
790 1 _6a01
_aStalin
_bI.V.
_f1879-1953
_gIosif Vissarionovitsh
_4070
_7ba
790 1 _6a01
_aסטאלין
_b.י.וו
_f1879-1953
_gיוסף וויסאריאָנאָוויטש
_4070
801 0 _aRU
_bNLR
_c20110731
_gpsbo
801 0 _aRU
_bNLR
_gPSBO
801 1 _aRU
_bNLR
_c20110731
_2rusmarc
801 2 _aRU
_bNLR
_c20110731
_2rusmarc
852 _aNLR
_bОЛСАА/идиш
_j1-17
942 _cBOOK
980 _aNB
980 1 _aIDISH